000 00322nam a22001457a 4500
008 230901b ||||| |||| 00| 0 eng d
020 _a9630514168
041 _aeng
080 _a51
082 _a51SZA
100 _a24
101 _aMATEM
245 _aTHE BEGINNINGS OF GREEK MATHEMATICS
_cSZABO.A
942 _2udc
_cBK
999 _c60244
_d60244